The Malaysian Trade Classification And Customs Duties Order 2018 (Record no. 4773)

000 -LEADER
fixed length control field nam a22 a 4500
005 - DATE AND TIME OF LATEST TRANSACTION
control field 20180914081344.0
008 - FIXED-LENGTH DATA ELEMENTS--GENERAL INFORMATION
fixed length control field 180914b2018 my ||||| |||| 00| 0 eng d
020 ## - INTERNATIONAL STANDARD BOOK NUMBER
Terms of availability RM 200.00
040 ## - CATALOGING SOURCE
Original cataloging agency AKMAL
082 ## - DEWEY DECIMAL CLASSIFICATION NUMBER
Classification number 343.595056 MAL
090 ## - LOCALLY ASSIGNED LC-TYPE CALL NUMBER (OCLC); LOCAL CALL NUMBER (RLIN)
Classification number (OCLC) (R) ; Classification number, CALL (RLIN) (NR) 343.595056
Local cutter number (OCLC) ; Book number/undivided call number, CALL (RLIN) MAL
245 ## - TITLE STATEMENT
Title The Malaysian Trade Classification And Customs Duties Order 2018
Remainder of title * Import Duties * Export Duties * GST * Import Licence (AP) * Excise Duties
Statement of responsibility, etc. All Amendments Up To 20 April 2018 Including 2018 Budget Amendments
260 ## - PUBLICATION, DISTRIBUTION, ETC.
Place of publication, distribution, etc. Pudu, Kuala Lumpur
Name of publisher, distributor, etc. MDC Publishers Sdn Bhd
Date of publication, distribution, etc. 2018
300 ## - PHYSICAL DESCRIPTION
Other physical details 1217 pages
Dimensions 19cm
942 ## - ADDED ENTRY ELEMENTS (KOHA)
Source of classification or shelving scheme
Koha item type Book
Holdings
Withdrawn status Lost status Source of classification or shelving scheme Damaged status Not for loan Collection code Home library Current library Shelving location Date acquired Inventory number Total Checkouts Full call number Barcode Date last seen Price effective from Koha item type
          NON-FICTION AKMAL Melaka AKMAL Melaka PINJAMAN 14.09.2018 307207   343.595056 MAL 201707715 14.09.2018 14.09.2018 Book
Pusat Sumber Maklumat Dato' Haji Sarmin Md Hussin, Akademi Kastam Diraja Malaysia, Melaka
Tel: 06-2331106 | Faks: 06-2313787